000 01445nam a2200337 i 4500
001 000046626
003 DO-SdBNP
005 20240216101259.0
007 ta
008 170512s2017 dr ac 000 0 spa d
020 _a9789945088588
040 _aDO-SdBNP
_bspa
_cBPMSU
_erda
082 4 _aRD861.44
_bN2729 2017
_222
245 1 0 _aCarmen Natalia :
_bpoemas /
_c Carmen Natalia ; [compilación] y edición, Ilonka Nacidit Perdomo.
264 _aSanto Domingo :
_bEditorial Santuario,
_c2017.
300 _a85 páginas :
_bilustraciones, retratos ;
_c24 cm.
336 _2rdacontent
_atexto
_btxt
337 _2rdamedia
_asin mediación
_bn
338 _2rdacarrier
_avolumen
_bnc
490 0 _aIn memoriam
500 _aLos poemas de Carmen Natalia que integran esta selección, editada para la conmemoración del centenario de su nacimiento 1917-2017
500 _aIncluye datos biográficos de la autora: p. 81-85
505 0 _aAlfarero celete --
_tCanción de la vida insólita --
_tNofue porque yo quise...
_tLa miseria esta de ronda --
_tGrito --
_tLlanto sin término por el hijo natural nunca llegado --
_tUn hombre tras las rejas --
_tCarmen Natalia datos biográficos
590 _aInventariado, 2024/VM
600 1 4 _aCarmen Natalia
_d1917-1976
650 4 _aPoesía dominicana
650 4 _aLiteratura dominicana
700 1 _aNacidit Perdomo, Ilonka,
_ecompilación
910 _aVMateo V.Control de calidad.BPMSU
942 _2ddc
_cBK
999 _c14572
_d14572